| 000 | 00939cad a22002175a 4500 | ||
|---|---|---|---|
| 001 | E152549 | ||
| 008 | 110328s2011 xxk f s000 0 eng d | ||
| 035 | _a(Sirsi) u152549 | ||
| 041 | 0 | _aeng | |
| 110 | 2 |
_aScotland _bScottish Government _95344 |
|
| 245 | 0 | 0 |
_aAssessing the contribution of retailing in Scotland _bfinal report _h[electronic resource] |
| 260 |
_aEdinburgh _bScottish Government _c2011 |
||
| 520 | _aLooks at the development of the retail sector since 2007, and assesses its affect on the Scottish economy, as well as the contribution it makes to the Government Economic Strategy (GES) and National Food and Drink policy. | ||
| 521 | _aAdvanced | ||
| 590 | _aKA | ||
| 651 | 4 |
_aScotland _y1999- |
|
| 690 | _aPROPERTY-COMMERCIAL PROPERTY-RETAIL PROPERTY | ||
| 710 | 1 | _aDTZ | |
| 856 | 4 | 0 |
_uhttps://www.scotland.gov.uk/Publications/2011/03/21112734/0 _zView the report free of charge at www.scotland.gov.uk... |
| 942 | _n0 | ||
| 999 |
_c112103 _d112103 |
||